Celebrity Names Unscramble: Athletes Only - Statistics

General Stats
  • This quiz has been taken 36 times
  • The average score is 8 of 20
Answer Stats
Hint Answer % Correct
LNEIOL ESIMS Lionel Messi
92%
RHRYA NEAK Harry Kane
72%
HNYATON SAIDV Anthony Davis
68%
YARND NOROT Randy Orton
64%
NHWSA SIHAMECL Shawn Michaels
64%
EMKI UTORT Mike Trout
56%
STAVIR ELEKC Travis Kelce
56%
YEANW KERZGYT Wayne Gretzky
52%
ILJOU EOSJN Julio Jones
48%
AODOVNN LHIETLMC Donovan Mitchell
40%
RSCLAHE EBRYAKL Charles Barkley
32%
EAJCIK OBSRONIN Jackie Robinson
32%
ESOIHH IHOTNA Shohei Ohtani
32%
ARMNO ENSRIG Roman Reigns
28%
AKRMI MEAEZNB Karim Benzema
24%
LDLOE MEKHBCA Odell Beckham
24%
NLIERG ADLHANA Erling Haaland
16%
HSLCRAE IAOVLIER Charles Oliveira
12%
TNUJIS RLREAVDNE Justin Verlander
8%
ATHZKMA ECVAIMH Khamzat Chimaev
8%
No matching quizzes found
Score Distribution
Percent of People with Each Score
Percentile by Number Answered
Your Score History
You have not taken this quiz